|
|
|
|
| LEADER |
01679nam a2200481 a 4500 |
| 001 |
nkc20051493174 |
| 003 |
CZ PrNK |
| 005 |
20051209115015.0 |
| 007 |
ta |
| 008 |
041215s2004 xr a e 000 0 cze |
| 015 |
|
|
|a cnb001493174
|
| 020 |
|
|
|a 80-86886-04-2
|q (brož.)
|
| 035 |
|
|
|a (OCoLC)85150762
|
| 040 |
|
|
|a ABA001
|b cze
|d BOA001
|
| 043 |
|
|
|a e-xr---
|b e-xr-zl
|2 czenas
|
| 072 |
|
7 |
|a 72
|x Architektura
|2 Konspekt
|9 21
|
| 080 |
|
|
|a 72.031.4
|2 MRF
|
| 080 |
|
|
|a (437.323)
|2 MRF
|
| 080 |
|
|
|a (048.8)
|2 MRF
|
| 080 |
|
|
|a (084.12)
|2 MRF
|
| 100 |
1 |
|
|a Spathová, Jana,
|d 1957-
|7 mzk2002156802
|4 aut
|
| 245 |
1 |
0 |
|a Památky lidového stavitelství /
|c Jana Spathová
|
| 250 |
|
|
|a Vyd. 1.
|
| 260 |
|
|
|a Zlín :
|b Krajská knihovna Františka Bartoše,
|c 2004
|
| 300 |
|
|
|a 175 s. :
|b il. ;
|c 15 x 19 cm
|
| 490 |
1 |
|
|a Zlínský kraj ;
|v 9
|
| 500 |
|
|
|a 1000 výt.
|
| 504 |
|
|
|a Obsahuje bibliografii
|
| 650 |
0 |
7 |
|a lidová architektura
|7 ph122300
|z Česko
|2 czenas
|
| 650 |
0 |
9 |
|a vernacular architecture
|z Czechia
|2 eczenas
|
| 651 |
|
7 |
|a Zlínský kraj (Česko : 2000-)
|7 ge134376
|2 czenas
|
| 651 |
|
9 |
|a Zlínský kraj (Czechia)
|2 eczenas
|
| 655 |
|
7 |
|a přehledy
|7 fd133202
|2 czenas
|
| 655 |
|
7 |
|a fotografické publikace
|7 fd132276
|2 czenas
|
| 655 |
|
9 |
|a surveys
|2 eczenas
|
| 655 |
|
9 |
|a photographical works
|2 eczenas
|
| 830 |
|
0 |
|a Zlínský kraj
|0 s
|
| 856 |
4 |
1 |
|u http://www.digitalniknihovna.cz/mzk/uuid/uuid:f4fd0e60-abc9-11e6-b707-005056827e51
|y Digitalizovaný dokument
|x NDK
|
| 910 |
2 |
|
|a BOA001
|b 1-1159.069
|
| 990 |
|
|
|a BK
|
| 995 |
|
|
|a 01
|
| 991 |
|
|
|b 200511
|c NOV
|
| 996 |
6 |
|
|b 2610261613
|c 1-1159.069
|l MZK
|r Sklad / do 1 hodiny
|n 17
|p p.v.
|w 000793943
|u 000010
|a 1
|e BOA001
|j MZK50
|s P
|